| 000 | 00854cam a2200241 a 4500 | ||
|---|---|---|---|
| 020 | _a0889364982 (pbk.) | ||
| 040 | _cDLC | ||
| 082 | 0 | 0 | _a630 IDR 1987 C142 Co. |
| 110 | 2 | _aInternational Society for Tropical Root Crops. | |
| 245 | 0 | 0 |
_aTropical root crops : _broot crops and the African food crisis : proceedings of the Third Triennial Symposium of the International Society for Tropical Root Crops--Africa Branch held in Owerri, Nigeria, 17-23 August 1986 / |
| 260 |
_aOttawa, Ont., Canada : _bInternational Development Research Centre, _cc1987. |
||
| 300 |
_aiv, 197 p. ; _c25 cm. |
||
| 490 | 1 | _aIDRC ; | |
| 650 | 0 | _aRoot crops | |
| 650 | 0 | _aRoot crops | |
| 650 | 0 | _aTropical crops | |
| 650 | 0 | _aTropical crops | |
| 650 | 0 | _aFood supply | |
| 700 | 1 | _aTerry, E. R. | |
| 700 | 1 | _aAkoroda, M. O. | |
| 700 | 1 | _aArene, O. B. | |
| 942 | _cAEDBB | ||
| 999 |
_c18335 _d18335 |
||